| 000 | 00961nam a22003257a 4500 | ||
|---|---|---|---|
| 001 | 0004025 | ||
| 003 | KOHA_MİRAKIL | ||
| 005 | 20260207001356.0 | ||
| 007 | ta | ||
| 008 | 090420b1998 tu |||gr||||#0|||0|tur | | ||
| 020 | _a9754706417 | ||
| 040 |
_aTR-BiSEU _btur _cTR-BiSEU _erda |
||
| 041 | 0 | _atur | |
| 044 | _ctu | ||
| 050 |
_aDR435 _b.T47 1998 |
||
| 100 | 1 | _aTesal, Reşat D.. | |
| 245 | 1 |
_aSelanik'ten İstanbul'a : _bbir ömrün hikayesi/ _cReşat D. Tesal ; Reşat D. Tesal. |
|
| 264 | 1 |
_aİstanbul : _bİletişim,1998. _c1998 |
|
| 300 | _a304, [6] sayfa: resimli | ||
| 336 |
_ametin _btxt _2rdacontent |
||
| 337 |
_aaracısız _bn _2rdamedia |
||
| 338 |
_acilt _bnc _2rdacarrier |
||
| 490 | 1 |
_aİletişim yayınları ; _v465. |
|
| 490 | 1 |
_aAnı dizisi ; _v22. |
|
| 650 | 0 |
_aGreeks--Turkey--Biography. _99819 |
|
| 830 | 1 |
_aİletişim yayınları ; _v465. _92528 |
|
| 830 | 1 |
_aAnı dizisi ; _v22. _97160 |
|
| 907 | _aTarih | ||
| 942 |
_2lcc _cBK |
||
| 999 |
_c4008 _d4008 |
||